|
|
|
|
| LEADER |
00000nab a2200000 a 4500 |
| 001 |
vtls000301424 |
| 003 |
SK-MaSNL |
| 005 |
20260305020319.0 |
| 008 |
230223c1987 xo 0 slo |
| 015 |
|
|
|a SNBRB19rr/mm-uuuuu
|
| 035 |
|
|
|a CL0311543
|
| 035 |
|
|
|a (urnnbn)urn:nbn:sk:snk:ar-a09cmy
|
| 035 |
|
|
|a (uuid)67db0f03-e8e8-4367-b2a1-5bedb9c6b5d1
|
| 035 |
|
|
|a urn:nbn:sk:snk-ab8e55
|
| 040 |
|
|
|a SNKBUCL
|b slo
|c SNKBUCL
|e AACR2
|
| 041 |
0 |
|
|a slo
|
| 044 |
|
|
|a xo
|c SK
|
| 080 |
|
|
|a 792.075
|2 1981
|
| 080 |
|
|
|a 378.124
|2 1981
|
| 080 |
|
|
|a 929 Borodáč, Janko
|2 1981
|
| 100 |
1 |
|
|a Turzo, Ivan,
|d 1914-1994
|4 aut
|9 168085
|
| 245 |
1 |
0 |
|a Z listov Janka Borodáča
|c Ivan Turzo
|
| 600 |
1 |
7 |
|a Borodáč, Janko,
|d 1892-1964
|2 snkbucl
|9 118920
|
| 650 |
0 |
7 |
|a korešpondencia
|2 snkbucl
|9 645
|
| 655 |
|
7 |
|a články z novín a časopisov
|2 snkbucl
|9 267496
|
| 773 |
0 |
|
|t Slovenské divadlo
|g Roč. 35, č. 4 (1987), s. 552-563
|
| 850 |
|
|
|a Slovenská národná knižnica v Martine
|a MTA001
|
| 852 |
|
|
|a SNK
|b KIS3GCP
|
| 954 |
|
|
|a odborná, vedecká literatúra pôvodná (slovenská)
|2 lita
|
| 958 |
|
|
|a BX
|
| 958 |
|
|
|a OND
|
| 958 |
|
|
|a EUIPO
|
| 958 |
|
|
|a article9
|
| 992 |
|
|
|a RBX
|
| 999 |
|
|
|c 3280091
|d 3282021
|